<?xml version="1.0" encoding="UTF-8"?>
<record
    xmlns:xsi="http://www.w3.org/2001/XMLSchema-instance"
    xsi:schemaLocation="http://www.loc.gov/MARC21/slim http://www.loc.gov/standards/marcxml/schema/MARC21slim.xsd"
    xmlns="http://www.loc.gov/MARC21/slim">

  <leader>00877nas a2200241 i 4500</leader>
  <controlfield tag="001">255913</controlfield>
  <controlfield tag="005">20251217113124.0</controlfield>
  <controlfield tag="007">ta</controlfield>
  <controlfield tag="008">251031e2005    dr m||p|r||||||0| | spa d</controlfield>
  <datafield tag="040" ind1=" " ind2=" ">
    <subfield code="a">DO-SdBNP</subfield>
    <subfield code="b">spa</subfield>
    <subfield code="c">DO-SdBNP</subfield>
    <subfield code="e">rda</subfield>
  </datafield>
  <datafield tag="041" ind1=" " ind2=" ">
    <subfield code="h">spa</subfield>
  </datafield>
  <datafield tag="110" ind1=" " ind2=" ">
    <subfield code="a">Consejo Estatal del Az&#xFA;car (CEA)</subfield>
    <subfield code="9">8580</subfield>
  </datafield>
  <datafield tag="245" ind1=" " ind2=" ">
    <subfield code="a">Revista CEA : </subfield>
    <subfield code="b">Organo de Difusi&#xF3;n del Consejo Estatal de Az&#xFA;car. </subfield>
  </datafield>
  <datafield tag="264" ind1=" " ind2=" ">
    <subfield code="a">Santo Domingo, Rep&#xFA;blica Dominicana :</subfield>
    <subfield code="b">Consejo Estatal del Az&#xFA;car (CEA), </subfield>
    <subfield code="c">2005.</subfield>
  </datafield>
  <datafield tag="300" ind1=" " ind2=" ">
    <subfield code="a">volumen : </subfield>
    <subfield code="b">ilustraciones, fotograf&#xED;as ; </subfield>
    <subfield code="c">27.5 cm.</subfield>
  </datafield>
  <datafield tag="310" ind1=" " ind2=" ">
    <subfield code="a">Mensual.</subfield>
  </datafield>
  <datafield tag="336" ind1=" " ind2=" ">
    <subfield code="a">texto</subfield>
    <subfield code="b">txt</subfield>
    <subfield code="2">rdacontent</subfield>
  </datafield>
  <datafield tag="337" ind1=" " ind2=" ">
    <subfield code="a">sin mediaci&#xF3;n </subfield>
    <subfield code="b">n</subfield>
    <subfield code="2">rdamedia</subfield>
  </datafield>
  <datafield tag="338" ind1=" " ind2=" ">
    <subfield code="a">volumen </subfield>
    <subfield code="b">nc</subfield>
    <subfield code="2">rdacarrier</subfield>
  </datafield>
  <datafield tag="362" ind1=" " ind2=" ">
    <subfield code="a">A&#xF1;o 1, No. 1, septiembre 2005.</subfield>
  </datafield>
  <datafield tag="650" ind1=" " ind2=" ">
    <subfield code="9">49107</subfield>
    <subfield code="a">Consejo Estatal del Az&#xFA;car (CEA)</subfield>
    <subfield code="z">Publicaciones peri&#xF3;dicas</subfield>
    <subfield code="y">Rep&#xFA;blica Dominicana</subfield>
  </datafield>
  <datafield tag="942" ind1=" " ind2=" ">
    <subfield code="c">ISSUE</subfield>
    <subfield code="2">ddc</subfield>
  </datafield>
  <datafield tag="952" ind1=" " ind2=" ">
    <subfield code="0">0</subfield>
    <subfield code="1">0</subfield>
    <subfield code="2">ddc</subfield>
    <subfield code="4">0</subfield>
    <subfield code="5">6</subfield>
    <subfield code="7">0</subfield>
    <subfield code="8">SE</subfield>
    <subfield code="a">BNPHU</subfield>
    <subfield code="b">BNPHU</subfield>
    <subfield code="d">2025-10-31</subfield>
    <subfield code="h">A&#xF1;o 1, No. 1, septiembre 2005</subfield>
    <subfield code="l">0</subfield>
    <subfield code="p">2025-12281</subfield>
    <subfield code="r">2025-10-31</subfield>
    <subfield code="t">e.1</subfield>
    <subfield code="w">2025-10-31</subfield>
    <subfield code="y">ISSUE</subfield>
    <subfield code="z">Un A&#xF1;o de Recuperaci&#xF3;n y Progreso.</subfield>
  </datafield>
  <datafield tag="952" ind1=" " ind2=" ">
    <subfield code="0">0</subfield>
    <subfield code="1">0</subfield>
    <subfield code="2">ddc</subfield>
    <subfield code="4">0</subfield>
    <subfield code="5">6</subfield>
    <subfield code="7">0</subfield>
    <subfield code="8">SE</subfield>
    <subfield code="a">BNPHU</subfield>
    <subfield code="b">BNPHU</subfield>
    <subfield code="d">2025-11-06</subfield>
    <subfield code="h">A&#xF1;o 2, No. 2, agosto 2006</subfield>
    <subfield code="l">0</subfield>
    <subfield code="p">2025-12637</subfield>
    <subfield code="r">2025-11-06</subfield>
    <subfield code="t">e.1</subfield>
    <subfield code="w">2025-11-06</subfield>
    <subfield code="y">ISSUE</subfield>
    <subfield code="z">Reapertura Ingenio Porvenir.</subfield>
  </datafield>
  <datafield tag="999" ind1=" " ind2=" ">
    <subfield code="c">59994</subfield>
    <subfield code="d">59994</subfield>
  </datafield>
</record>
